Characters from Cheers Quiz Stats

 Plays Quiz Updated Feb 21, 2020

     
Support Sporcle.
Go Orange.
Score 0/10 Timer 02:00
2 Plays Today
Role Name % Correct
Bartender/OwnerSam Malone
94.8%
Customer/AccountantNorm Peterson
94.1%
Customer/PsychiatristFrasier Crane
91.8%
Assistant BartenderWoody Boyd
90.9%
WaitressCarla Tortelli
83.3%
Customer/Mail Carrier Cliff Clavin
83.3%
WaitressDiane Chambers
82.9%
Assistant BartenderErnie 'Coach' Pantusso
78.3%
Customer/PsychiatristLilith Sternin
73%
Manager/WaitressRebecca Howe
60.2%

From the Vault

Alphabet Soup Geography

by citkeane

This is a lot more educational than minestrone.
Remove Ads.
Support Sporcle.
Get the best of Sporcle when you Go Orange. This ad-free experience offers more features, more stats, and more fun while also helping to support Sporcle. Thank you for becoming a member.

Show Comments

Extras

Top Quizzes Today


Score Distribution

Your Account Isn't Verified!

In order to create a playlist on Sporcle, you need to verify the email address you used during registration. Go to your Sporcle Settings to finish the process.

Report this User

Report this user for behavior that violates our Community Guidelines.

Details: